000 00779nam a2200253Ia 4500
003 OSt
005 20220918175141.0
006 a|||||r|||| 00| 0
007 ta
008 220917b |||||||| |||| 00| 0 eng d
024 _a15,925
037 _cTextual
040 _aARTS
_cARTS
_beng
041 _2eng
_aeng
082 _aO111:g(T:3,93), N4
100 _aNash Christopher ed
_953093
245 0 _aNarrative in culture
_b The uses of storytelling in the sciences , philosophy and literature
260 _aLondon
_bRoutledge
_c1990
300 _axv,228p.
_ccm.
490 _aWarwick studies in philosophy and literature
650 _aENGLISH LITERATURE
942 _hO111:g(T:3,93), N4
_cTEXL
_2CC
999 _c156315
_d156315